000 00688nam a22001937a 4500
003 OSt
005 20150316171026.0
008 150206b xxu||||| |||| 00| 0 eng d
040 _cBMC
082 _a813.5
245 0 0 _aSeis grandes novelistas norteamericanos
_b: traducidos por seis grandes escritores argentinos
_c[Herman Melville...et al. ; prólogo y traducción de Jorge Luis Borges]
260 _aBuenos Aires
_bEmecé
_c1972
300 _a338 p.
_c18 cm
490 _aGrandes novelistas. La novela actual en el mundo
650 2 4 _917595
_aNovela norteamericana
700 1 _929306
_aMelville, Herman
_d1819-1891
700 1 _94613
_aBorges, Jorge Luis
_d1899-1986
942 _2ddc
_cBK
999 _c18267
_d18267